000 00473nmm a2200145Ia 4500
008 251105s9999||||xx |||||||||||||||||und||
041 _aspa
100 _aObono, Trifonia Melibea
245 0 _aYo no quería ser madre :
_b Vidas forzadas de mujeres fuera de la norma
264 _a[Madrid, España] :
_bEditorial Egales,
_c2020
300 _a302 páginas
650 _aGender and Women Studies
856 _uhttps://public.digitaliapublishing.com/a/137000
942 _cCF
999 _c106684
_d106684